Normal view
MARC view
Entry Corporate Name
001 - CONTROL NUMBER
- control field: 631346
003 - CONTROL NUMBER IDENTIFIER
- control field: OSt
005 - DATE AND TIME OF LATEST TRANSACTION
- control field: 20221005122010.0
008 - FIXED-LENGTH DATA ELEMENTS
- fixed length control field: 221005|| aca||aabn | a|a d
040 ## - CATALOGING SOURCE
- Original cataloging agency: OSt
- Transcribing agency: OSt
110 ## - HEADING--CORPORATE NAME
- Corporate name or jurisdiction name as entry element: Indian National Congress (Delhi) (1918)
670 ## - SOURCE DATA FOUND
- Source citation: Work cat.: (OSt)1042951: Indian National Congress (Delhi) (1918), Indian National Congress 1918 , 1919
